Aprender Francês com Babar (Registo nº 4435)

Detalhes MARC
000 -Etiqueta do registo
Cabeçalho 00577nam0a2200229 4500
005 - Identificador da versão
Campo de controlo 20240813122101.0
021 ## - Número do Depósito Legal
Código do país PT
100 ## - Dados gerais de processamento
Dados gerais de processamento 20120125d1979 c y0pory5003 ba
102 ## - Pais de publicação ou produção
País de publicação Portugal
101 1# - Língua de publicação
Língua do texto, banda sonora, etc. Português
Língua do documento no original Francês
106 ## - Campo de dados codificados: material textual
Dados codificados do material textual r
105 ## - Campo de dados codificados: livros
Dados codificados dos livros a z 001yy
215 ## - Descrição física 
Outras indicações físicas il.
200 1# - Titulo e menção de responsabilidade
Título próprio Aprender Francês com Babar
Primeira menção de responsabilidade Laurent de Brunhoff
Outras menções de responsabilidade Jean de Brunhoff
210 ## - Publicação, Distribuição, etc. 
Lugar da edição, distribuição, etc. Lisboa
Nome do editor, distribuidor, etc. Plátano Editora
Data da publicação, distribuição, etc. 1979
701 #1 - Nome de autor-pessoa física (co-responsabilidade principal)
Palavra de ordem de Brunhoff
Outra parte do nome não tomada para palavra de ordem Jean
Código de função Ilustrador / Técnico de desenho computorizado
700 #1 - Nome de autor-pessoa física (responsabilidade principal)
Número de registo de entrada de autoridade 0001263
Palavra de ordem de Brunhoff
Outra parte do nome não tomada para palavra de ordem Laurent
966 ## - Identificação da Biblioteca
Sigla EBVendas
942 ## - Elementos de entrada adicionados (Koha)
Tipo de item no Koha Livro
Exemplares
Situação do levantamento Origin of item (home branch) (coded) Biblioteca de empréstimo Código de barras Cota Circulation type (not for loan) Tipo de documento Nota do exemplar Damaged status
  Biblioteca Escolar das Vendas Biblioteca Escolar das Vendas BEV1058 | 1979 0 DIC   Livro Sem mensagem